Niemieckie kluby piłkarskie - nagła śmierć - Statystyki

Ogólne statystyki
  • Ten quiz został rozwiązany 203 razy
  • Średni wynik to 13 z 15
Answers on the Grid
Answers color-coded by a green-red scale on the quiz's grid according to % correct below.
RB Lipsk
RB Salzburg
Bayern Monachium
Bayer Leverkusen
Sturm Graz
Vfl Bochum
PSG
Augsburg
Stuttgart
Borussia Dortmund
Famalicao
Portimorese
Borussia Monchengladbach
Kopenhaga
Malmo
Mainz
Union Berlin
Hertha Berlin
Lech Poznań
Śląsk Wrocław
Heidenheim
Hoffenheim
Vfl Wolfsburg
Sankt Pauli
Pogoń Szczecin
Dynamo Moskwa
Sparta Praga
Rapid Wiedeń
 
Statystyki odpowiedzi
Odpowiedź % Poprawnych
RB Lipsk
97%
Bayern Monachium
88%
Borussia Dortmund
88%
Borussia Monchengladbach
88%
Hertha Berlin
88%
Bayer Leverkusen
87%
Stuttgart
87%
Union Berlin
87%
Hoffenheim
86%
Vfl Wolfsburg
86%
Augsburg
85%
Heidenheim
85%
Mainz
83%
Vfl Bochum
81%
Sankt Pauli
73%
Nie znaleziono quizów pasujących do podanych kryteriów
Rozkład punktacji
Procent ludzi z każdym wynikiem
Percentyl według liczby udzielonych odpowiedzi
Twoja historia wyników
Nie rozwiązałeś tego quizu